01022pam a2200289 a 450000100090000000300040000900500170001300800410003001000130007102000290008403500150011304000130012805000220014108200210016310000300018424500880021425000980030226000910040030000260049150400480051765000340056570000460059970000280064570000230067370000190069671000170071521081387OSt20190102182447.0920602s1990 nyu b 001 0 eng  a90031428 a0910608423c(alk. paper) a0071-70160 aDLCcDLC00aZ696b.D5192 1990 aREF 025.4bD519A1 aDewey, Melvil,d1851-193110aAbridged Dewey decimal classification and relative index /cdevised by Melvil Dewey aEd. 12 /bedited by John P. Comaromi, Julianne Beall, Winton E. Matthews, Jr., Gregory R. New aAlbany, N.Y. :bForest Press, a division of OCLC Online Computer Library Center,c1990 axiii, 857 p. ;c24 cm aIncludes bibliographical references (p. 24) 0aClassification, Dewey decimal1 aComaromi, John P.q(John Phillip),d1937-1 aBeall, Julianne,d1946-1 aMatthews, Winton E1 aNew, Gregory R20aForest Press